New trends in educational technology (Record no. 68965)
[ view plain ]
| 000 -LEADER | |
|---|---|
| fixed length control field | 00307nam a22001217a 4500 |
| 020 ## - INTERNATIONAL STANDARD BOOK NUMBER | |
| ISBN | 978-81-920544-6-9 |
| 082 ## - DEWEY DECIMAL CLASSIFICATION NUMBER | |
| Classification number | 600/ANA |
| 100 ## - MAIN ENTRY--AUTHOR NAME | |
| Personal name | Anand,Sandeep |
| 245 ## - TITLE STATEMENT | |
| Title | New trends in educational technology |
| 260 ## - PUBLICATION, DISTRIBUTION, ETC. (IMPRINT) | |
| Place of publication | Delhi |
| Name of publisher | Ayushman Prakashan |
| Year of publication | 2025 |
| 650 ## - SUBJECT ADDED ENTRY--TOPICAL TERM | |
| Topical Term | Technology978 |
| 942 ## - ADDED ENTRY ELEMENTS (KOHA) | |
| Koha item type | Books |
| Withdrawn status | Lost status | Damaged status | Not for loan | Home library | Current library | Date acquired | Cost, normal purchase price | Full call number | Accession Number | Price effective from | Koha item type |
|---|---|---|---|---|---|---|---|---|---|---|---|
| MACL | MACL | 08/04/2026 | 795.00 | 600/ANA | CRE040447 | 08/04/2026 | Books |









